000 00326nam a2200121Ia 4500
008 210430s9999 xx 000 0 und d
082 _a070.01 N334 S
100 _aAhsan Akhtar Naz
_9128878
245 _a Sahafati Ikhlaqiat /
_cAhsan Akhtar Naz
260 _aLAHORE
_bMUNEER AHMAD
_c2005
300 _a227P
942 _cBK
_2ddc
999 _c563415
_d563415